Statistics for Guess the Country

Click here to take the quiz!

General Stats

  • This quiz has been taken 46 times
  • The average score is 11 of 15

Answer Stats

QuestionAnswer% Correct
What's the most populated?Japan
95%
What's the most populated?Indonesia
88%
What's the most populated?China
85%
What's the most populated?Pakistan
85%
What's the most populated?Russia
85%
What's the most populated?India
83%
What's the most populated?Mexico
83%
What's the most populated?United States
83%
What's the most populated?Russia
80%
What's the most populated?Peru
78%
What's the most populated?Nigeria
76%
What's the most populated?Bangladesh
71%
What's the most populated?Philippines
46%
What's the most populated?Iran
39%
What's the most populated?Guatemala
37%

Score Distribution

Percentile by Number Answered

Percent of People with Each Score

Your Score History

You have not taken this quiz